<?xml version="1.0" encoding="UTF-8"?>
<record
    xmlns:xsi="http://www.w3.org/2001/XMLSchema-instance"
    xsi:schemaLocation="http://www.loc.gov/MARC21/slim http://www.loc.gov/standards/marcxml/schema/MARC21slim.xsd"
    xmlns="http://www.loc.gov/MARC21/slim">

  <leader>00936aam a2200205 i 4500</leader>
  <controlfield tag="001">768714001</controlfield>
  <controlfield tag="003">CO-MdFUSB</controlfield>
  <controlfield tag="005">20240424144701.0</controlfield>
  <controlfield tag="008">220822t2004    cr ||||| |||| 00| 0 spa d</controlfield>
  <datafield tag="040" ind1=" " ind2=" ">
    <subfield code="b">spa</subfield>
    <subfield code="c">CO-MdFUSB</subfield>
    <subfield code="d">CO-MdFUSB</subfield>
  </datafield>
  <datafield tag="041" ind1=" " ind2=" ">
    <subfield code="a">spa</subfield>
  </datafield>
  <datafield tag="100" ind1="1" ind2=" ">
    <subfield code="a">Patterson, Lauretta</subfield>
    <subfield code="e">autor</subfield>
  </datafield>
  <datafield tag="245" ind1="1" ind2="0">
    <subfield code="a">Cu&#xE9;ntamelo...  </subfield>
    <subfield code="b">&#xBF;Por qu&#xE9; es tan dif&#xED;cil la amistad? Apuntes Mujer L&#xED;der</subfield>
    <subfield code="c">/ Lauretta Patterson</subfield>
  </datafield>
  <datafield tag="300" ind1=" " ind2=" ">
    <subfield code="a">Volumen 21, n&#xFA;mero 4 (julio - septiembre, 2004), p&#xE1;gina: 24 - 25</subfield>
    <subfield code="c">; 27 cm</subfield>
  </datafield>
  <datafield tag="520" ind1=" " ind2=" ">
    <subfield code="a">&#xBF;Qui&#xE9;n entre nosotras no se ha enfrentado alguna vez con el problema de hacerse de amistades en la iglesia? </subfield>
  </datafield>
  <datafield tag="650" ind1=" " ind2="0">
    <subfield code="9">19</subfield>
    <subfield code="a">Vida cristiana</subfield>
  </datafield>
  <datafield tag="773" ind1="0" ind2=" ">
    <subfield code="t">Apuntes Pastorales</subfield>
    <subfield code="0">49442</subfield>
    <subfield code="9">60142</subfield>
    <subfield code="g">Volumen 21, n&#xFA;mero 4 (julio - septiembre, 2004), p&#xE1;gina: 24 - 25</subfield>
    <subfield code="q">p&#xE1;gina: 24</subfield>
  </datafield>
  <datafield tag="773" ind1="0" ind2=" ">
    <subfield code="t">Apuntes Pastorales</subfield>
    <subfield code="0">49442</subfield>
    <subfield code="9">60188</subfield>
    <subfield code="g">Volumen 21, n&#xFA;mero 4 (julio - septiembre, 2004), p&#xE1;gina: 24 - 25</subfield>
    <subfield code="q">p&#xE1;gina: 24</subfield>
  </datafield>
  <datafield tag="942" ind1=" " ind2=" ">
    <subfield code="c">ANA</subfield>
  </datafield>
  <datafield tag="999" ind1=" " ind2=" ">
    <subfield code="c">60598</subfield>
    <subfield code="d">60598</subfield>
  </datafield>
</record>
